000 00641nam a2200229 4500
001 46050
010 _a9789896660697
021 _b305712/10
090 _a46050
100 _a20110428d2010 m y0pory5003 ba
101 1 _aporeng
102 _aPT
200 1 _aCasino royale
_fIan Fleming
_gtrad. Rosa Pires
210 9 _aLisboa
_c(sic) idea y ceación editorial
_ccop. Contraponto,
_d2010
215 _a171, [5] p.
_d23 cm
225 2 _aJames Bond 007
675 _a821.111-312.4"19"
_vBN
_zpor
700 1 _aFleming,
_bIan,
_f1908-1964
702 1 _92
_aPires,
_bRosa
_4730 5
702 1 _aMesquita,
_bAnabela
_4675
801 0 _aPT
_bBN
_gRPC
990 _cLIVROS